The Greatest NBA Point Guards of All-Time - Statistics

General Stats
  • This quiz has been taken 449 times
  • The average score is 16 of 50
Answer Stats
Rank Point Guard % Correct
1 Magic Johnson
93%
17 Dennis Johnson
87%
12 Kevin Johnson
87%
2 John Stockton
77%
7 Steve Nash
75%
5 Jason Kidd
71%
3 Isiah Thomas
66%
4 Oscar Robertson
66%
23 Chris Paul
65%
14 Alvin Robertson
63%
11 Allen Iverson
59%
6 Bob Cousy
59%
10 Gary Payton
50%
24 Tony Parker
47%
44 Rajon Rondo
44%
16 Tim Hardaway
39%
33 Anfernee Hardaway
38%
35 Deron Williams
38%
39 Derrick Rose
38%
8 Walt Frazier
37%
21 Chauncey Billups
32%
38 Kenny Smith
31%
37 Mark Jackson
31%
18 Mark Price
25%
9 Nate Archibald
25%
32 Ron Harper
25%
47 Andre Miller
24%
30 Maurice Cheeks
22%
42 Baron Davis
19%
27 Shephon Marbury
17%
46 Kevin Porter
16%
43 Steve Francis
16%
36 Terry Porter
16%
49 Mike Bibby
15%
29 Sam Cassell
15%
40 Lenny Wilkens
13%
25 Rod Strickland
12%
15 Dave Bing
11%
28 Gail Goodrich
11%
19 Lafayette Lever
11%
48 Scott Skiles
8%
50 John Lucas
7%
41 Michael Ray Richardson
7%
45 Nick Van Exel
7%
31 Norm Nixon
7%
13 Sidney Moncrief
7%
20 Mookie Blaylock
6%
22 Reggie Theus
3%
26 Slater Martin
3%
34 Terrell Brandon
3%
No matching quizzes found
Score Distribution
Percent of People with Each Score
Percentile by Number Answered
Your Score History
You have not taken this quiz